000
00340nam a2200145Ia 4500
008
150201s2010 xx 000 0 und d
082
_a
617.603
_b
P2010L
100
_a
LUXMI CHAND
245
_a
POCKET DENTAL DICTIONARY
250
_a
3RD
260
_b
AITBS
_a
DELHI
_c
2010
300
_a
1-553
650
_a
DICTIONARIES
942
_2
ddc
_c
BK
_0
7
999
_c
4542
_d
4542